| 000 | 00524cam a2200217ua 4500 | ||
|---|---|---|---|
| 001 | 7743 | ||
| 005 | 20260515114242.0 | ||
| 008 | 141222n ii |||gr||||Z||||||ben | ||
| 020 | _a8172158653 | ||
| 040 | _cMAIN | ||
| 041 | _aben | ||
| 082 | _a891.443 | ||
| 100 |
_aBhattacharya, S., _eAuthor. |
||
| 245 | 1 |
_aDahan _cBy Suchitra Bhattacharya |
|
| 250 | _a1st. | ||
| 260 |
_aCalcutta: _bAnanda, _c2011. |
||
| 300 | _a173p. | ||
| 653 | _aEast Indo-European & Celtic literatures | ||
| 653 | _aBengali novels | ||
| 942 | _cBK | ||
| 999 |
_c6859 _d6859 |
||